000 00535cam a2200169 a 4500
001 000019145
005 20200929165932.0
008 750115s1971 xxcaf b 001 0 eng
040 _aDO-SdBNP
_bspa
_cBNPHU
082 _axxx
_bR125h
100 1 _aRaddall, Thomas Head,
_d1903-
_941199
245 1 0 _aHalifax :
_bwarden of the North /
_cThomas H. Raddall.
260 _aToronto :
_bMcClelland and Stewart,
_c1971.
300 _axvi, 343 p. :
_bil. ;
_c23 cm.
504 _aBibliography: p. [334]-337.
910 _aCatalogación derivada / LC
999 _c18663
_d18663